Curso elemental de religión para uso de los establecimientos de educación y especialmente de las escuelas normales / por el abate C. L. y Braye director de la enseñanza religiosa en la Escuela Normal del Departamento de la Moselle ; traducido de la última edicion francesa por el traductor de las Instrucciones sobre las principales verdades de la religion, por el obispo conde de Toul

Detalles Bibliográficos
Autor principal: Braye, Charles-Louis-Victor, 1809-1873
Formato: Libro
Lenguaje:Spanish
Publicado: Paris : en la libreria de A. Mézin, s.a.
Materias:
Colección:Banco de datos
Acervo:Seminario Conciliar de Nuestra Señora de Guadalupe Querétaro. Qro.. Biblioteca Florencio Rosas. Fondo Histórico
Descripción Física:427 p. ; 18 cm.
Tema general:Educación religiosa
Notas:Texto con signaturas. Encuadernación en piel estilo clásico. Daños de humedad y en la encuadernación, faltan fragmentos del lomo y tapa superior
LEADER 01095nam a22001810004500
035 |a 5796 
041 0 |a spa 
100 1 |a Braye, Charles-Louis-Victor, 1809-1873 
245 1 0 |a Curso elemental de religión para uso de los establecimientos de educación y especialmente de las escuelas normales / por el abate C. L. y Braye director de la enseñanza religiosa en la Escuela Normal del Departamento de la Moselle ; traducido de la última edicion francesa por el traductor de las Instrucciones sobre las principales verdades de la religion, por el obispo conde de Toul 
260 |a Paris : en la libreria de A. Mézin, s.a. 
300 |a 427 p. ; 18 cm.  
500 |a Texto con signaturas. Encuadernación en piel estilo clásico. Daños de humedad y en la encuadernación, faltan fragmentos del lomo y tapa superior 
504 |a Incluye índice de contenido  
650 1 0 |a Educación religiosa 
949 |a Fondo Histórico: 13091 
942 |c Q.R.H.T 
943 |g Seminario Conciliar de Nuestra Señora de Guadalupe Querétaro. Qro.. Biblioteca Florencio Rosas. Fondo Histórico 
999 |c 1087251  |d 1087251